000 00668nam a22001697a 4500
003 OSt
005 20171010095506.0
008 120808t xxu||||| |||| 00| 0 eng d
040 _aMMSU
_cULS
100 _aMina, Shirley B.
_911930
245 _aCorrelation of National College Entrance Examination percentile ranks and weighted averages of the Mariano Marcos State University Laboratory High School graduates, 1997 to 1982
_cShirley B. Mina
260 _c1983
300 _axviii. 100 leaves
_c28 cm.
500 _aThesis (MA Education) -- Mariano Marcos State University-Graduate School, Laoag City
504 _aBibliography: leaves 79-81
942 _2ddc
_cTHEDIS
999 _c9682
_d9682